Economics (Record no. 5730)

MARC details
005 - DATE AND TIME OF LATEST TRANSACTION
control field 20250627154944.0
020 ## - INTERNATIONAL STANDARD BOOK NUMBER
International Standard Book Number 978-0-07-340286-4
082 ## - DEWEY DECIMAL CLASSIFICATION NUMBER
Classification number 336 COL
100 ## - MAIN ENTRY--PERSONAL NAME
Author name COLANDER, C . D
245 ## - TITLE STATEMENT
Title Economics
250 ## - EDITION STATEMENT
Edition statement 7th Ed.
260 ## - PUBLICATION, DISTRIBUTION, ETC.
Place of publication, distribution, etc. Boston
Name of publisher, distributor, etc. McGraw-Hill Irwin
Date of publication, distribution, etc. 2008.
300 ## - PHYSICAL DESCRIPTION
Extent xxxvi,819p.; ill.; figures, pictures
Other physical details Index, Glossary
Dimensions 26cm
942 ## - ADDED ENTRY ELEMENTS (KOHA)
Source of classification or shelving scheme Dewey Decimal Classification
Koha item type Books
Holdings
Date last seen Total checkouts Full call number Barcode Price effective from Koha item type Lost status Source of classification or shelving scheme Damaged status Not for loan Withdrawn status Home library Current library Shelving location Date acquired Source of acquisition
06/27/2025   336 COL MZA0002493 06/27/2025 Books   Dewey Decimal Classification       CBE Mwanza CBE Mwanza General Collection 07/17/2017 Library Budget
06/27/2025   336 COL MZA0002494 06/27/2025 Books   Dewey Decimal Classification       CBE Mwanza CBE Mwanza General Collection 07/17/2017 Library Budget
06/27/2025   336 COL MZA0002495 06/27/2025 Books   Dewey Decimal Classification       CBE Mwanza CBE Mwanza General Collection 07/17/2017 Library Budget